Erős csatolás kimutatása szubradiáns atomi sokaság és rezonátor-vákuummező között

Elmentve itt :
Bibliográfiai részletek
Szerzők: Gábor Bence
Varga Dániel
Sárközi Bálint
Kurkó Árpád
Adwaith Kalluvayal-Varooli
Nagy Dávid
Dombi András
Clark Thomas W.
Williams Francis I. B.
Vukics András
Domokos Péter
Testületi szerző: Kvantumelektronika 2025 Szimpózium
Dokumentumtípus: Könyv része
Megjelent: Szegedi Tudományegyetem Szeged 2025
Sorozat:Kvantumelektronika : Szimpózium a hazai kvantumelektronikai kutatások eredményeiről
Kulcsszavak:Kvantumoptika, Fizika
Tárgyszavak:
Online Access:http://acta.bibl.u-szeged.hu/88354
LEADER 01291naa a2200337 i 4500
001 acta88354
005 20250905111018.0
008 250902s2025 hu o 100 hun d
020 |a 978-963-688-064-4 
040 |a SZTE Egyetemi Kiadványok Repozitórium  |b hun 
041 |a hun 
100 1 |a Gábor Bence 
245 1 0 |a Erős csatolás kimutatása szubradiáns atomi sokaság és rezonátor-vákuummező között  |h [elektronikus dokumentum] /  |c  Gábor Bence 
260 |a Szegedi Tudományegyetem  |b Szeged  |c 2025 
300 |a 25-26 
490 0 |a Kvantumelektronika : Szimpózium a hazai kvantumelektronikai kutatások eredményeiről 
650 4 |a Természettudományok 
650 4 |a Fizikai tudományok 
695 |a Kvantumoptika, Fizika 
700 0 1 |a Varga Dániel  |e aut 
700 0 1 |a Sárközi Bálint  |e aut 
700 0 1 |a Kurkó Árpád  |e aut 
700 0 1 |a Adwaith Kalluvayal-Varooli  |e aut 
700 0 1 |a Nagy Dávid  |e aut 
700 0 1 |a Dombi András  |e aut 
700 0 1 |a Clark Thomas W.  |e aut 
700 0 1 |a Williams Francis I. B.  |e aut 
700 0 1 |a Vukics András  |e aut 
700 0 1 |a Domokos Péter  |e aut 
711 |a Kvantumelektronika 2025 Szimpózium  |c Szeged  |d 2025. szeptember 1. 
856 4 0 |u http://acta.bibl.u-szeged.hu/88354/1/kvantumelektronika_2025_025-026.pdf  |z Dokumentum-elérés